|
|
|
|
| LEADER |
00000nab a2200000ua 4500 |
| 001 |
vtls010819059 |
| 003 |
SK-MaSNL |
| 005 |
20260303103615.0 |
| 008 |
230121s1957 xo |||||||||||||||||slo| |
| 035 |
|
|
|a (urnnbn)urn:nbn:sk:snk:ar-a05vj3
|
| 035 |
|
|
|a urn:nbn:sk:snk-ab5mtm
|
| 035 |
|
|
|a (uuid)81bc1177-bf36-4b0a-a772-1f6b828cd55c
|
| 040 |
|
|
|a SNKBUCL
|b slo
|c SNKBUCL
|e AACR2
|
| 041 |
0 |
|
|a slo
|
| 044 |
|
|
|a xo
|c SK
|
| 100 |
1 |
|
|a Balažovjechová-Bartošová, Lenka
|4 aut
|9 192809
|
| 245 |
1 |
0 |
|a Hygienický režim v zariadeniach verejného stravovania
|c Lenka Balažovjechová
|
| 773 |
0 |
|
|t Výživa a zdravie : časopis pre výživu a zdravý životný štýl
|g Roč. 2, č. 4 (1957), s. 52-53
|
| 954 |
|
|
|a odborná, vedecká literatúra pôvodná (slovenská)
|2 lita
|
| 958 |
|
|
|a OND
|
| 958 |
|
|
|a EUIPO
|
| 958 |
|
|
|a article5
|
| 999 |
|
|
|c 1850721
|d 1852651
|